| 000 | 00397nam a2200169Ia 4500 | ||
|---|---|---|---|
| 008 | 230524s9999 xx 000 0 und d | ||
| 020 | _a007583706 | ||
| 082 |
_a621.382 _bKAL |
||
| 100 | _aH.S.Kalsi | ||
| 245 | 0 | _aElectronic Instrumentation | |
| 250 | _a2ND | ||
| 260 |
_aNEW DELHI _bTMH _c2004 |
||
| 300 | _aXX;801 | ||
| 500 | _aQuantity Number: 96 | ||
| 650 | _aElectronics | ||
| 942 | _cBK | ||
| 999 |
_c10146 _d10146 |
||